Statistics for anthropology / (Record no. 5746)
[ view plain ]
| 000 -LEADER | |
|---|---|
| fixed length control field | 01076cam a2200169 a 4500 |
| 020 ## - INTERNATIONAL STANDARD BOOK NUMBER | |
| ISBN | 0521571162 (hbk.) |
| 020 ## - INTERNATIONAL STANDARD BOOK NUMBER | |
| ISBN | 0521577861 (pbk.) |
| 050 00 - CALL NUMBER | |
| Classification number | GN34.3.S7 |
| Item number | M33 |
| 100 1# - AUTHOR | |
| Personal name | Madrigal, Lorena. |
| 245 10 - TITLE | |
| Title | Statistics for anthropology / |
| Statement of responsibility, etc | Lorena Madrigal. |
| 260 ## - PUBLICATION INFORMATION | |
| Place of publication | Cambridge ; |
| -- | New York : |
| Name of publisher | Cambridge University Press, |
| Year of publication | 1998. |
| 300 ## - DESCRIPTION | |
| Number of Pages | xiv, 238 p. : |
| Other physical details | ill. ; |
| Dimensions | 26 cm. |
| 500 ## - NOTES | |
| General note | Includes index |
| 505 ## - FORMATTED CONTENTS NOTE | |
| Table of Content | Chapter 1. Introduction to statistics --<br/>Chapter 2. Frequency distributions and graphs --<br/>Chapter 3. Descriptive statistics: measures of central tendency and dispersion --<br/>Chapter 4. Probability and statistics --<br/>Chapter 5. Hypothesis testing --<br/>Chapter 6. The difference between two means --<br/>Chapter 7. Analysis of variance (ANOVA) --<br/>Chapter 8. Non-parametric comparison of samples --<br/>Chapter 9. Simple linear regression --<br/>Chapter 10. Correlation analysis --<br/>Chapter 11. The analysis of frequencies --<br/>App. B.A brief overview of SAS/ASSIST --<br/>App. C. Statistical tables. |
| 650 #0 - SUBJECTS | |
| Topical Term | Anthropology |
| General subdivision | Statistical methods. |
| 942 ## - ADDED ENTRY ELEMENTS (KOHA) | |
| Koha item type | Books |
| Withdrawn status | Lost status | Collection code | Home library | Current library | Shelving location | Date acquired | Full call number | Accession Number | Koha item type |
|---|---|---|---|---|---|---|---|---|---|
| Reference | Methodist University Library Main | Methodist University Library Main | General Stacks | 18/12/1999 | GN34.3.S7 M33 | 14198 | Books |